Introduction to special relativity /

Guardado en:
Autor Principal: Schwartz, Herman M. 1911-
Formato: Libro
Idioma:English
Publicado: Huntington, N.Y. : R. E. Krieger, 1977, c1968.
Materias:
Etiquetas: Agregar Etiqueta
Sin Etiquetas, Sea el primero en etiquetar este registro!
LEADER 00823cam a2200205 a 4500
001 MAT.inmabb003427
008 761028r19771968nyu######b####001#0#eng##
005 20130313142533.0
245 1 0 |a Introduction to special relativity /  |c Herman M. Schwartz. 
260 |a Huntington, N.Y. :  |b R. E. Krieger,  |c 1977, c1968. 
300 |a 458 p. ;  |c 24 cm. 
500 |a Reimpresión, con correcciones, de la ed. anterior: New York : McGraw-Hill, 1968 (International series in pure and applied physics). 
504 |a Incluye referencias bibliográficas (p. [441]-442) e índices. 
020 |a 0882754785 
100 1 |a Schwartz, Herman M.  |q (Herman Meyer),  |d 1911- 
650 0 |a Special relativity (Physics) 
084 |a 83A05 (83-01)  |2 msc2000 
010 |a  76050606  
040 |a DLC  |c DLC  |d DLC  |d ICU 
859 |h 83  |i Sc399  |p A-7128  |b BIB. MATEMATICA